Kombinatorika a teória grafov 2
Salvato in:
| Natura: | Libro |
|---|---|
| Lingua: | slovacco |
| Pubblicazione: |
Bratislava
Univerzita Komenského
1991
|
| Tags: |
Nessun Tag, puoi essere il primo ad aggiungerne!!
|
MARC
| LEADER | 00000nam a2200000 4500 | ||
|---|---|---|---|
| 001 | c002755 | ||
| 005 | 20260327065918.2 | ||
| 020 | |a 80-223-0400-X | ||
| 041 | 0 | |a slo | |
| 044 | |a SK | ||
| 245 | 1 | 0 | |a Kombinatorika a teória grafov 2 |c Ľudovít Niepel |
| 264 | 1 | |a Bratislava |b Univerzita Komenského |c 1991 | |
| 300 | |a 113 s. | ||